000 00409nam a22001577a 4500
005 20171028110034.0
008 150314b xxu||||| |||| 00| 0 eng d
020 _a9698380442
040 _cPK-LaUMT
082 _aKHC 954.0359
_bGHU-P
100 _aGhulam Kibria
245 _aPre-Independence Indian Muslim mindset
_cGhulam Kibria
260 _aKarachi
_bCity Press
_c2001
300 _a250 p.
942 _cBK
999 _c67882
_d67882